Faza finałowa Ligi Narodów mężczyzn w siatkówce - Statystyki

Ogólne statystyki
  • Ten quiz został rozwiązany 107 razy
  • Średni wynik to 7 z 8
Statystyki odpowiedzi
Reprezentacje % Poprawnych
Polska
100%
Włochy
96%
Francja
92%
Brazylia
91%
Japonia
90%
USA
87%
Argentyna
82%
Słowenia
77%
Nie znaleziono quizów pasujących do podanych kryteriów
Rozkład punktacji
Procent ludzi z każdym wynikiem
Percentyl według liczby udzielonych odpowiedzi
Twoja historia wyników
Nie rozwiązałeś tego quizu